| 000 | 00351nam a2200121Ia 4500 | ||
|---|---|---|---|
| 005 | 20260326100039.0 | ||
| 008 | 260326s9999||||xx |||||||||||||| ||und|| | ||
| 100 | _aEnscore, Susan I. | ||
| 245 | 0 |
_aGuarding the gates : _b The Story of Fort Clayton / _cSusan I. Enscore |
|
| 260 | _bTheater Support Brigade | ||
| 650 | _aARQUITECTURA REGIONAL | ||
| 942 | _cBK | ||
| 999 |
_c6930 _d6930 |
||